000 00594nam a22002297a 4500
003 UA-OsUOA
001 90431
007 ta
008 20121116b un ||||| |||| 00| 0 ukr d
100 _aМаняк В.
090 _a821.161.2
_bМ24
942 _cBK
040 _aUA-OsUOA
_bukr
_cUA-OsUOA
_dUA-OsUOA
245 _aЗелений мередіан
_bповісті
300 _a258 с.
955 _a3
041 _aukr
080 _a821.161.2
260 _aК.
_bМолодь
_c1967
650 7 _a82 Література. Літературознавство
_2UDC
999 _c376458
_d376458